[Event "35. Rilton Cup 2005/2006"]
[Site "Stockholm"]
[Date "2006.01.04"]
[Round "8.2"]
[White "Bellon Lopez, Juan Manuel"]
[Black "Johannessen, Leif Erlend"]
[Result "1/2-1/2"]
[WhiteElo "2401"]
[BlackElo "2564"]
[PlyCount "130"]
[EventDate "2005.12.27"]
[EventType "swiss"]
[EventRounds "9"]
[EventCountry "SWE"]
[Source "lmi"]
[SourceDate "2006.01.06"]

1. d4 d5 2. Nf3 Nf6 3. c4 c6 4. Nc3 dxc4 5. a4 Bf5 6. Ne5 Nbd7 7. Nxc4 Qc7 8.
Qd2 Bg6 9. a5 e5 10. Qe3 Bb4 11. dxe5 Nd5 12. Qd4 O-O 13. Bd2 Rfe8 14. e3 Nxe5
15. Nxd5 Bxd2+ 16. Qxd2 cxd5 17. Nxe5 Qxe5 18. Ra3 d4 19. a6 b5 20. Be2 Rac8
21. Bd1 Rcd8 22. Bf3 Qc5 23. O-O b4 24. Rb3 dxe3 25. Rxe3 Rxd2 26. Rxe8+ Qf8
27. Rxf8+ Kxf8 28. b3 Rb2 29. Bd5 Bc2 30. Rc1 f6 31. h4 Ke7 32. Bg8 Kd6 33. Kh2
Bxb3 34. Bxb3 Rxb3 35. Rc4 h5 36. f3 g6 37. Kg3 Rb1 38. Rf4 Ke6 39. Re4+ Kd7
40. Rf4 Ke6 41. Re4+ Kd6 42. Rf4 Ke7 43. Re4+ Kd8 44. Rc4 b3 45. Rb4 b2 46. Rb7
Kc8 47. Kf4 Ra1 48. Rxb2 Ra4+ 49. Ke3 f5 50. g4 fxg4 51. fxg4 hxg4 52. Rb5 Rxa6
53. Rg5 Kd7 54. Rxg4 Ke7 55. Rg5 Kf6 56. Rc5 Ra3+ 57. Kf2 Ra4 58. h5 gxh5 59.
Rxh5 Re4 60. Kf3 Re7 61. Ra5 Kf7 62. Ra3 Ke8 63. Re3 a5 64. Rxe7+ Kxe7 65. Ke4
a4 1/2-1/2

[Event "35. Rilton Cup 2005/2006"]
[Site "Stockholm"]
[Date "2006.01.04"]
[Round "8.4"]
[White "Ivanov, Sergey"]
[Black "Cicak, Slavko"]
[Result "1-0"]
[WhiteElo "2538"]
[BlackElo "2497"]
[PlyCount "83"]
[EventDate "2005.12.27"]
[EventType "swiss"]
[EventRounds "9"]
[EventCountry "SWE"]
[Source "lmi"]
[SourceDate "2006.01.06"]

1. Nf3 d6 2. d4 Nf6 3. c4 c6 4. Nc3 Bg4 5. e4 Nbd7 6. Be2 e5 7. O-O Be7 8. Be3
O-O 9. d5 Qa5 10. a3 Rfc8 11. b4 Qd8 12. Nd2 Bxe2 13. Qxe2 cxd5 14. exd5 Ne8
15. Kh1 g6 16. f4 exf4 17. Bxf4 Bf6 18. Rac1 Bg5 19. Bxg5 Qxg5 20. Nce4 Qe5 21.
Qf2 Qe7 22. Rce1 f5 23. Nc3 Qg7 24. Nb5 a6 25. Nd4 Ne5 26. Ne6 Qf6 27. Qe2 Qh4
28. Rf4 Qh6 29. Nf3 Nxf3 30. Rxf3 Qh4 31. c5 a5 32. Rf4 Qf6 33. g4 axb4 34.
axb4 Ra1 35. Rxa1 Qxa1+ 36. Rf1 Qf6 37. gxf5 gxf5 38. Rg1+ Kh8 39. Qg2 Qg6 40.
Qh3 Qf6 41. Qg3 Qg6 42. Qf4 1-0

[Event "35. Rilton Cup 2005/2006"]
[Site "Stockholm"]
[Date "2006.01.04"]
[Round "8.5"]
[White "Miezis, Normunds"]
[Black "Fontaine, Robert"]
[Result "1-0"]
[WhiteElo "2470"]
[BlackElo "2507"]
[PlyCount "97"]
[EventDate "2005.12.27"]
[EventType "swiss"]
[EventRounds "9"]
[EventCountry "SWE"]
[Source "lmi"]
[SourceDate "2006.01.06"]

1. c4 e5 2. Nc3 Nf6 3. g3 d5 4. cxd5 Nxd5 5. Bg2 Nb6 6. Nf3 Nc6 7. Rb1 Be7 8.
b4 Bf5 9. b5 Nb4 10. d3 e4 11. Nh4 Be6 12. Bxe4 Nxa2 13. Nxa2 Bxa2 14. Nf5 Bf6
15. Bxb7 O-O 16. Ba3 Re8 17. Rc1 Qd7 18. Ne3 Rab8 19. Bc6 Qh3 20. Qc2 Rxe3 21.
fxe3 Bd5 22. e4 Be6 23. Qc5 Rd8 24. Bb4 Na4 25. Qxa7 Nb2 26. Qxc7 Bg4 27. e5
Bg5 28. Rf1 Bh5 29. Be7 Rc8 30. Qxc8+ Qxc8 31. Bxg5 h6 32. Be3 Qe6 33. Be4 Bg6
34. Bxg6 fxg6 35. Bd4 Na4 36. Rc4 Nb6 37. Rc6 Qd5 38. Rd6 Qxb5 39. Rxb6 Qa5+
40. Kf2 Qd5 41. Rd6 Qf7+ 42. Kg1 Qe7 43. Rc1 g5 44. Rcc6 Qb7 45. e6 Qb1+ 46.
Kf2 Qh1 47. e7 Kf7 48. Re6 Qxh2+ 49. Ke1 1-0

[Event "35. Rilton Cup 2005/2006"]
[Site "Stockholm"]
[Date "2006.01.04"]
[Round "8.7"]
[White "Jaracz, Pawel"]
[Black "Berg, Emanuel"]
[Result "1/2-1/2"]
[WhiteElo "2492"]
[BlackElo "2540"]
[PlyCount "68"]
[EventDate "2005.12.27"]
[EventType "swiss"]
[EventRounds "9"]
[EventCountry "SWE"]
[Source "lmi"]
[SourceDate "2006.01.06"]

1. d4 e6 2. c4 Nf6 3. Nf3 b6 4. a3 Ba6 5. Qc2 Bb7 6. Nc3 c5 7. e4 cxd4 8. Nxd4
Bc5 9. Nb3 Nc6 10. Bf4 O-O 11. Rd1 e5 12. Bg5 Nd4 13. Nxd4 Bxd4 14. Bd3 h6 15.
Bh4 Bxc3+ 16. Qxc3 d6 17. Bxf6 Qxf6 18. O-O Qg5 19. f3 Rac8 20. Qd2 Qxd2 21.
Rxd2 Rfd8 22. Rfd1 Kf8 23. Kf2 Ke7 24. g3 Rc7 25. a4 Bc8 26. Ra1 Be6 27. b3 a5
28. h4 h5 29. f4 g6 30. Rad1 Rc5 31. Ke3 Bg4 32. Be2 Be6 33. Bd3 Bg4 34. Be2
Be6 1/2-1/2

[Event "35. Rilton Cup 2005/2006"]
[Site "Stockholm"]
[Date "2006.01.04"]
[Round "8.8"]
[White "Khmelniker, Ilya"]
[Black "Kurnosov, Igor"]
[Result "1/2-1/2"]
[WhiteElo "2430"]
[BlackElo "2523"]
[PlyCount "61"]
[EventDate "2005.12.27"]
[EventType "swiss"]
[EventRounds "9"]
[EventCountry "SWE"]
[Source "lmi"]
[SourceDate "2006.01.06"]

1. d4 Nf6 2. c4 g6 3. Nc3 d5 4. Bg5 Ne4 5. Bh4 Nxc3 6. bxc3 dxc4 7. e3 Be6 8.
Rb1 b6 9. Nf3 Bg7 10. Be2 O-O 11. e4 h6 12. O-O c6 13. Nd2 b5 14. f4 Qd7 15.
Qc2 f5 16. Nf3 Na6 17. Ne5 Bxe5 18. fxe5 fxe4 19. Qxe4 Bf5 20. Qe3 g5 21. e6
Qxe6 22. Qxe6+ Bxe6 23. Bg3 Rxf1+ 24. Bxf1 Nb8 25. Re1 Kf7 26. Be2 g4 27. Bd1
Nd7 28. Rxe6 Kxe6 29. Bxg4+ Kd5 30. Bf3+ Ke6 31. Bg4+ 1/2-1/2

[Event "35. Rilton Cup 2005/2006"]
[Site "Stockholm"]
[Date "2006.01.04"]
[Round "8.9"]
[White "Lindberg, Bengt"]
[Black "Brynell, Stellan"]
[Result "1/2-1/2"]
[WhiteElo "2420"]
[BlackElo "2496"]
[PlyCount "80"]
[EventDate "2005.12.27"]
[EventType "swiss"]
[EventRounds "9"]
[EventCountry "SWE"]
[Source "lmi"]
[SourceDate "2006.01.06"]

1. e4 e6 2. d4 d5 3. Nc3 Bb4 4. e5 c5 5. a3 Bxc3+ 6. bxc3 Ne7 7. Qg4 O-O 8. Bd3
f5 9. exf6 Rxf6 10. Bg5 Rf7 11. Qh5 g6 12. Qd1 Qa5 13. Bd2 Nbc6 14. f4 Qa4 15.
Qb1 cxd4 16. Bb5 Qa5 17. cxd4 Qb6 18. c3 e5 19. fxe5 Nxe5 20. Be2 Qf6 21. Nf3
Nxf3+ 22. Bxf3 Qh4+ 23. g3 Qh3 24. Qd3 Bg4 25. Bxg4 Qxg4 26. Qe2 Qxe2+ 27. Kxe2
Nc6 28. Rhf1 Raf8 29. Rxf7 Kxf7 30. Bh6 Re8+ 31. Kd3 Na5 32. Rf1+ Ke6 33. Bg5
Nc4 34. Rf6+ Kd7 35. Rf7+ Kc6 36. Rxh7 Nb2+ 37. Kd2 Nc4+ 38. Kd3 Nb2+ 39. Kd2
Nc4+ 40. Kd3 Nb2+ 1/2-1/2

[Event "35. Rilton Cup 2005/2006"]
[Site "Stockholm"]
[Date "2006.01.04"]
[Round "8.10"]
[White "Nouro, Mikael"]
[Black "Cramling, Pia"]
[Result "1-0"]
[WhiteElo "2349"]
[BlackElo "2492"]
[PlyCount "67"]
[EventDate "2005.12.27"]
[EventType "swiss"]
[EventRounds "9"]
[EventCountry "SWE"]
[Source "lmi"]
[SourceDate "2006.01.06"]

1. e4 c5 2. Nf3 e6 3. d4 cxd4 4. Nxd4 a6 5. Nc3 Ne7 6. g3 d5 7. exd5 Nxd5 8.
Nde2 Nxc3 9. Qxd8+ Kxd8 10. Nxc3 Bd7 11. Bg2 Bc6 12. O-O Bb4 13. Rd1+ Ke7 14.
Ne4 Nd7 15. a3 Ba5 16. Nd6 Ne5 17. Bxc6 bxc6 18. Bf4 Ng6 19. Nc4 Bd8 20. Bd6+
Ke8 21. Rd3 h5 22. Rad1 h4 23. g4 h3 24. Rb3 Ne7 25. Rb7 Rh4 26. f3 f5 27. Bc5
fxg4 28. Nd6+ Kf8 29. Ne4 Kg8 30. Bxe7 Bxe7 31. Rxe7 gxf3 32. Ng3 Rb8 33. b3
Rf8 34. Kf2 1-0

[Event "35. Rilton Cup 2005/2006"]
[Site "Stockholm"]
[Date "2006.01.04"]
[Round "8.11"]
[White "Van Beek, Alexander"]
[Black "Iordachescu, Viorel"]
[Result "1/2-1/2"]
[WhiteElo "2334"]
[BlackElo "2583"]
[PlyCount "106"]
[EventDate "2005.12.27"]
[EventType "swiss"]
[EventRounds "9"]
[EventCountry "SWE"]
[Source "lmi"]
[SourceDate "2006.01.06"]

1. d4 Nf6 2. c4 e6 3. Nc3 Bb4 4. Qc2 O-O 5. a3 Bxc3+ 6. Qxc3 b5 7. cxb5 c6 8.
bxc6 Nxc6 9. e3 Bb7 10. b4 Rc8 11. Qb2 Ne7 12. Nf3 Be4 13. Bd2 Rc2 14. Qb3 Qc7
15. Bd3 Bxd3 16. Qxd3 Rc8 17. Ke2 Qb7 18. Rhc1 R8c3 19. Qxc2 Rxc2 20. Rxc2 Qa6+
21. Ke1 Ne4 22. a4 Qd3 23. Raa2 f6 24. Rab2 Nd5 25. a5 g5 26. b5 g4 27. Ng1
Nxd2 28. Rxd2 Qa3 29. b6 axb6 30. axb6 Qa1+ 31. Ke2 Qa6+ 32. Ke1 Nxb6 33. Ra2
Qb7 34. Rdb2 Qxg2 35. Rxb6 Qxg1+ 36. Ke2 Qxh2 37. Ra7 g3 38. Rxd7 Qxf2+ 39. Kd3
Qf5+ 40. Ke2 Qh5+ 41. Kd3 Qf5+ 42. Ke2 Qc2+ 43. Ke1 Qf2+ 44. Kd1 Qf3+ 45. Kd2
Qg2+ 46. Ke1 Qh1+ 47. Kd2 Qg2+ 48. Ke1 Qf2+ 49. Kd1 Qf3+ 50. Kd2 Qf2+ 51. Kd1
Qf3+ 52. Kd2 Qg2+ 53. Ke1 Qf2+ 1/2-1/2

[Event "35. Rilton Cup 2005/2006"]
[Site "Stockholm"]
[Date "2006.01.04"]
[Round "8.12"]
[White "Eriksson, Jorgen"]
[Black "Velicka, Petr"]
[Result "0-1"]
[WhiteElo "2234"]
[BlackElo "2441"]
[PlyCount "124"]
[EventDate "2005.12.27"]
[EventType "swiss"]
[EventRounds "9"]
[EventCountry "SWE"]
[Source "lmi"]
[SourceDate "2006.01.06"]

1. d4 c5 2. e3 e6 3. Nf3 Nf6 4. c4 b6 5. Nc3 Bb7 6. Be2 Be7 7. d5 d6 8. e4 O-O
9. O-O exd5 10. cxd5 Nbd7 11. Nd2 Ne8 12. Nc4 Ba6 13. Bf4 Bxc4 14. Bxc4 a6 15.
a4 Bf6 16. Qe2 Qc8 17. Ra3 Ne5 18. Bg3 Nc7 19. f4 Nxc4 20. Qxc4 Bd4+ 21. Bf2
Bxf2+ 22. Rxf2 Qd7 23. Rb3 Rfb8 24. Qe2 b5 25. a5 Re8 26. Qf3 f5 27. exf5 c4
28. Rb4 Re1+ 29. Rf1 Rxf1+ 30. Kxf1 Qxf5 31. b3 cxb3 32. Rxb3 Re8 33. Rb2 Qf6
34. Rd2 b4 35. Ne4 Qa1+ 36. Rd1 Qxa5 37. Nxd6 Rd8 38. Nf5 g6 39. Ne7+ Kf7 40.
Nc6 Qb5+ 41. Kf2 Rxd5 42. Ne5+ Kg7 43. Qb3 Qc5+ 44. Kf3 a5 45. Ke4 Nb5 46. Rxd5
Nc3+ 47. Qxc3 Qxc3 48. Rxa5 Qc2+ 49. Ke3 Qc1+ 50. Ke4 Qe1+ 51. Kd3 Qf1+ 52. Ke3
Qg1+ 53. Ke4 Qxg2+ 54. Ke3 Qg1+ 55. Ke4 b3 56. Rb5 Qg2+ 57. Kd4 Qb2+ 58. Kc5
Qf2+ 59. Kc4 b2 60. Rb7+ Kf8 61. Kc3 Qxf4 62. Nd7+ Ke8 0-1

[Event "35. Rilton Cup 2005/2006"]
[Site "Stockholm"]
[Date "2006.01.04"]
[Round "8.13"]
[White "Gagarin, Vasilij"]
[Black "Couso, Luis"]
[Result "1-0"]
[WhiteElo "2422"]
[BlackElo "2347"]
[PlyCount "95"]
[EventDate "2005.12.27"]
[EventType "swiss"]
[EventRounds "9"]
[EventCountry "SWE"]
[Source "lmi"]
[SourceDate "2006.01.06"]

1. d4 d5 2. c4 c6 3. Nf3 Nf6 4. e3 a6 5. Qc2 g6 6. Bd3 Bg7 7. O-O O-O 8. Nbd2
Bg4 9. h3 Bxf3 10. Nxf3 Nbd7 11. b3 c5 12. Bb2 Rc8 13. Qe2 e6 14. Rfd1 cxd4 15.
exd4 Qc7 16. Rac1 Qb8 17. c5 Nh5 18. Qd2 Rfe8 19. Bf1 Ndf6 20. b4 Ne4 21. Qe3
Nf4 22. Ne5 f6 23. Qxf4 fxe5 24. dxe5 Rf8 25. Qg4 Rf5 26. f3 Ng5 27. Bd3 Rcf8
28. Bxf5 Rxf5 29. h4 Nf7 30. f4 Qe8 31. Rf1 Qb5 32. a3 Nd8 33. Qd1 h5 34. g4
hxg4 35. Qxg4 Qe8 36. Rc2 Qf7 37. Rg2 Kh7 38. Rff2 Bh6 39. Bc1 Nc6 40. Bd2 Ne7
41. Qe2 Qe8 42. Qd3 Rh5 43. Rg4 Nf5 44. Rh2 Qa4 45. Be1 Bf8 46. Rhg2 Rh6 47. h5
gxh5 48. Rg8 1-0

[Event "35. Rilton Cup 2005/2006"]
[Site "Stockholm"]
[Date "2006.01.04"]
[Round "8.15"]
[White "Mardell, Jimmy"]
[Black "Berczes, Csaba"]
[Result "0-1"]
[WhiteElo "2140"]
[BlackElo "2389"]
[PlyCount "76"]
[EventDate "2005.12.27"]
[EventType "swiss"]
[EventRounds "9"]
[EventCountry "SWE"]
[Source "lmi"]
[SourceDate "2006.01.06"]

1. e4 c5 2. Nf3 Nc6 3. d4 cxd4 4. Nxd4 Qc7 5. Nc3 e6 6. Be3 a6 7. Bd3 Nf6 8.
O-O Be7 9. Kh1 h5 10. f4 d6 11. Qf3 Bd7 12. Be2 Rc8 13. Qf2 b5 14. a3 Qb7 15.
Rad1 Ng4 16. Bxg4 hxg4 17. Kg1 g6 18. Nxc6 Bxc6 19. f5 Bxe4 20. fxe6 f5 21. Bf4
d5 22. Nxe4 dxe4 23. Bd6 Qc6 24. Qa7 Qc5+ 25. Qxc5 Rxc5 26. c3 Rc6 27. Bxe7
Kxe7 28. Rd7+ Kxe6 29. Rfd1 Re8 30. Rg7 Kf6 31. Rdd7 Ree6 32. Kf2 Rcd6 33. Ke2
Rxd7 34. Rxd7 f4 35. b3 e3 36. Rd1 Ke5 37. g3 g5 38. gxf4+ gxf4 0-1

[Event "35. Rilton Cup 2005/2006"]
[Site "Stockholm"]
[Date "2006.01.04"]
[Round "8.16"]
[White "Willemze, Thomas"]
[Black "Ask, Josef"]
[Result "0-1"]
[WhiteElo "2363"]
[BlackElo "2236"]
[PlyCount "125"]
[EventDate "2005.12.27"]
[EventType "swiss"]
[EventRounds "9"]
[EventCountry "SWE"]
[Source "lmi"]
[SourceDate "2006.01.06"]

1. e4 e6 2. d4 d5 3. Nc3 Bb4 4. e5 c5 5. a3 Bxc3+ 6. bxc3 Qa5 7. Bd2 Qa4 8. Qg4
g6 9. Qd1 b6 10. Qb1 Ba6 11. Bxa6 Nxa6 12. Qb3 Qc6 13. h4 cxd4 14. cxd4 Rc8 15.
h5 Nb8 16. hxg6 fxg6 17. Ne2 Ne7 18. g4 Qxc2 19. Qxc2 Rxc2 20. Bc3 O-O 21. Rh3
Nbc6 22. Rd3 Kg7 23. f3 h5 24. gxh5 Rh8 25. Kd1 Rxe2 26. Kxe2 Rxh5 27. Be1 Rh2+
28. Kf1 Nf5 29. Rad1 Rc2 30. Bf2 Na5 31. R1d2 Rc1+ 32. Ke2 Nc4 33. Ra2 Kh6 34.
Be1 Kh5 35. Kf2 Rb1 36. Bd2 Rh1 37. Kg2 Rd1 38. Kf2 Rh1 39. Kg2 Rd1 40. Kf2 Rh1
41. Kg2 Rd1 42. Kh2 g5 43. Kg2 Nh4+ 44. Kf2 Rh1 45. Rc2 Nf5 46. Kg2 Rh4 47. Rc1
Rxd4 48. Rxd4 Nxd4 49. Bc3 Ne2 50. Rh1+ Kg6 51. Bb4 Nxe5 52. Rh8 Nf4+ 53. Kg3
Nc4 54. Rg8+ Kf6 55. Rf8+ Kg7 56. Rb8 a5 57. Be7 Kg6 58. a4 Ne2+ 59. Kg4 d4 60.
Rf8 Ne5+ 61. Kh3 d3 62. Rd8 Nc6 63. Rd7 0-1

[Event "35. Rilton Cup 2005/2006"]
[Site "Stockholm"]
[Date "2006.01.04"]
[Round "8.18"]
[White "Haapasalo, Jukka Pekka"]
[Black "Hillarp Persson, Tiger"]
[Result "0-1"]
[WhiteElo "2195"]
[BlackElo "2534"]
[PlyCount "46"]
[EventDate "2005.12.27"]
[EventType "swiss"]
[EventRounds "9"]
[EventCountry "SWE"]
[Source "lmi"]
[SourceDate "2006.01.06"]

1. Nf3 c5 2. c4 Nc6 3. Nc3 e5 4. d3 g6 5. Nd5 Bg7 6. h4 h6 7. h5 g5 8. g4 d6 9.
Bh3 Be6 10. e4 Qd7 11. Rg1 Nf6 12. Nxf6+ Bxf6 13. Bd2 Bd8 14. a3 a6 15. Nh2 b5
16. b3 Rb8 17. f3 Ba5 18. Kf2 bxc4 19. Bxa5 Nxa5 20. bxc4 Rb2+ 21. Kg3 Ke7 22.
Rg2 Rb3 23. Rb1 Rhb8 0-1

[Event "35. Rilton Cup 2005/2006"]
[Site "Stockholm"]
[Date "2006.01.04"]
[Round "8.20"]
[White "Ernst, Thomas"]
[Black "Nygren, Kim"]
[Result "1-0"]
[WhiteElo "2475"]
[BlackElo "2231"]
[PlyCount "55"]
[EventDate "2005.12.27"]
[EventType "swiss"]
[EventRounds "9"]
[EventCountry "SWE"]
[Source "lmi"]
[SourceDate "2006.01.06"]

1. e4 d5 2. exd5 Nf6 3. d4 Nxd5 4. c4 Nb6 5. Nf3 Bg4 6. c5 N6d7 7. Nc3 e6 8. h3
Bh5 9. Be3 Be7 10. Be2 O-O 11. O-O Nc6 12. a3 Bf6 13. Rc1 Re8 14. b4 e5 15. d5
Nd4 16. Nxd4 exd4 17. Bxd4 Bxe2 18. Nxe2 Rxe2 19. Bxf6 Qe8 20. Ba1 Rd8 21. Re1
Re4 22. Rxe4 Qxe4 23. c6 Nb8 24. cxb7 Rxd5 25. Qg4 Qxg4 26. hxg4 c6 27. Re1 Kf8
28. Be5 1-0

[Event "35. Rilton Cup 2005/2006"]
[Site "Stockholm"]
[Date "2006.01.04"]
[Round "8.21"]
[White "Jens, Jelmer"]
[Black "Dragicevic, Drazen"]
[Result "1-0"]
[WhiteElo "2366"]
[BlackElo "2195"]
[PlyCount "85"]
[EventDate "2005.12.27"]
[EventType "swiss"]
[EventRounds "9"]
[EventCountry "SWE"]
[Source "lmi"]
[SourceDate "2006.01.06"]

1. e4 c5 2. Nf3 Nc6 3. Bb5 g6 4. Bxc6 dxc6 5. d3 Bg7 6. h3 Nf6 7. Nc3 O-O 8.
Be3 b6 9. Qd2 e5 10. Bh6 Qd6 11. Bxg7 Kxg7 12. O-O-O a5 13. g4 a4 14. Nh2 b5
15. f4 b4 16. Ne2 Be6 17. Nf3 Nd7 18. fxe5 Qb8 19. Qf4 Bxa2 20. h4 f6 21. h5
fxe5 22. Qe3 Bf7 23. hxg6 Bxg6 24. Nh4 Qe8 25. Ng3 Qe6 26. Ngf5+ Kh8 27. Nxg6+
Qxg6 28. Rh6 Qg8 29. Ne7 Qf7 30. Ng6+ Kg8 31. Nxf8 Nxf8 32. Qg5+ Ng6 33. Qf5
Qg7 34. Qe6+ Kh8 35. Rdh1 Nf8 36. Qxc6 Ra7 37. Qe8 Kg8 38. Kb1 a3 39. Rxh7 Qxh7
40. Rxh7 Rxh7 41. Qxe5 b3 42. Qd5+ Kh8 43. Qxb3 1-0

[Event "35. Rilton Cup 2005/2006"]
[Site "Stockholm"]
[Date "2006.01.04"]
[Round "8.22"]
[White "Furhoff, Johan"]
[Black "Skjoldan, Benjamin"]
[Result "1-0"]
[WhiteElo "2354"]
[BlackElo "2149"]
[PlyCount "47"]
[EventDate "2005.12.27"]
[EventType "swiss"]
[EventRounds "9"]
[EventCountry "SWE"]
[Source "lmi"]
[SourceDate "2006.01.06"]

1. e4 c5 2. Nf3 e6 3. d4 cxd4 4. Nxd4 a6 5. Bd3 Bc5 6. c3 Nc6 7. Be3 Qb6 8. Nd2
Qxb2 9. Rc1 Qb6 10. Nc4 Qa7 11. O-O b5 12. Nxc6 dxc6 13. Nd6+ Ke7 14. Nxf7 Bxe3
15. fxe3 Qxe3+ 16. Kh1 Nf6 17. Rf3 Qc5 18. Nxh8 e5 19. Rxf6 gxf6 20. Qh5 Kd6
21. Qe8 Qe3 22. Rd1 Kc5 23. a4 Kb6 24. Nf7 1-0

[Event "35. Rilton Cup 2005/2006"]
[Site "Stockholm"]
[Date "2006.01.04"]
[Round "8.23"]
[White "Stokke, Kjetil"]
[Black "Hammar, Ulf"]
[Result "1-0"]
[WhiteElo "2293"]
[BlackElo "2156"]
[PlyCount "191"]
[EventDate "2005.12.27"]
[EventType "swiss"]
[EventRounds "9"]
[EventCountry "SWE"]
[Source "lmi"]
[SourceDate "2006.01.06"]

1. c4 e5 2. Nc3 Nc6 3. g3 g6 4. Bg2 Bg7 5. d3 f5 6. e4 Nge7 7. Nge2 d6 8. O-O
O-O 9. Nd5 fxe4 10. dxe4 Be6 11. Be3 Qd7 12. Qd2 Rf7 13. Rad1 Raf8 14. f3 b6
15. b3 Nd8 16. Nec3 Nb7 17. Qe2 Nc6 18. Nb5 Rc8 19. Qd2 a6 20. Nbc3 Nd4 21. Ne2
Nxe2+ 22. Qxe2 Nd8 23. b4 Nc6 24. c5 bxc5 25. bxc5 Nd4 26. Qxa6 dxc5 27. Rc1
Qd6 28. Qd3 Bxd5 29. exd5 Qxd5 30. Qc4 Qxc4 31. Rxc4 Ra8 32. Rxc5 Rxa2 33. f4
Re2 34. Bxd4 exd4 35. Bd5 Ree7 36. Rfc1 d3 37. Bxf7+ Rxf7 38. Rxc7 d2 39. Rc8+
Bf8 40. Rd1 Rd7 41. Kf1 Kf7 42. Rc4 Ba3 43. Ke2 Bc1 44. Re4 Kf6 45. Rf1 Kf5 46.
Ra4 Re7+ 47. Kd1 h5 48. Ra5+ Kf6 49. f5 Kf7 50. Rb5 Ra7 51. Rb6 gxf5 52. Rh6
Ra5 53. Rxh5 Kg6 54. Rh8 Bb2 55. Rg8+ Kh7 56. Rd8 Bc3 57. Kc2 Rc5 58. Rxf5 Rxf5
59. Kxc3 Rf3+ 60. Kc2 Kg6 61. Rxd2 Kg5 62. Kd1 Kg4 63. Ke2 Ra3 64. Rd4+ Kg5 65.
h4+ Kh5 66. Kf2 Ra2+ 67. Kf3 Ra3+ 68. Kg2 Rb3 69. Rd5+ Kg6 70. Kh3 Kh6 71. h5
Rb1 72. Kh4 Ra1 73. Rd6+ Kh7 74. g4 Ra2 75. Rd7+ Kg8 76. h6 Ra1 77. Kh5 Ra5+
78. g5 Kh8 79. Rf7 Kg8 80. Re7 Rb5 81. Kg6 Rb6+ 82. Kf5 Rb1 83. Kf6 Rf1+ 84.
Kg6 Rf8 85. Rd7 Kh8 86. Rf7 Ra8 87. Rf5 Kg8 88. Kh5 Ra1 89. g6 Rh1+ 90. Kg5
Rg1+ 91. Kf6 Kh8 92. Kf7 Rg2 93. Rf6 Rg1 94. Kf8 Rg2 95. g7+ Kh7 96. Rf7 1-0

[Event "35. Rilton Cup 2005/2006"]
[Site "Stockholm"]
[Date "2006.01.04"]
[Round "8.24"]
[White "Blomqvist, Erik"]
[Black "Eriksson, Jonas"]
[Result "1-0"]
[WhiteElo "2107"]
[BlackElo "2285"]
[PlyCount "59"]
[EventDate "2005.12.27"]
[EventType "swiss"]
[EventRounds "9"]
[EventCountry "SWE"]
[Source "lmi"]
[SourceDate "2006.01.06"]

1. e4 c6 2. d4 d5 3. Nd2 dxe4 4. Nxe4 Bf5 5. Ng3 Bg6 6. h4 h6 7. Nf3 Nd7 8. Bd3
Bxd3 9. Qxd3 Ngf6 10. Bf4 e6 11. O-O-O Qa5 12. Kb1 O-O-O 13. Qe2 Nh5 14. Nxh5
Qxh5 15. Rd3 Qf5 16. Bg3 Bb4 17. Rhd1 Rhe8 18. Re3 Qd5 19. Ka1 Nb6 20. Ne5 Re7
21. f3 Qa5 22. Kb1 Nd5 23. Rb3 Bd6 24. Nc4 Qc7 25. Nxd6+ Rxd6 26. c4 e5 27.
dxe5 Qd7 28. cxd5 Rxd5 29. Rbd3 Qf5 30. Qc2 1-0

[Event "35. Rilton Cup 2005/2006"]
[Site "Stockholm"]
[Date "2006.01.05"]
[Round "9.3"]
[White "Bellon Lopez, Juan Manuel"]
[Black "Postny, Evgeny"]
[Result "0-1"]
[WhiteElo "2401"]
[BlackElo "2571"]
[PlyCount "82"]
[EventDate "2005.12.27"]
[EventType "swiss"]
[EventRounds "9"]
[EventCountry "SWE"]
[Source "lmi"]
[SourceDate "2006.01.06"]

1. d4 d5 2. Nf3 c6 3. c4 Nf6 4. Nc3 a6 5. Ne5 e6 6. Bf4 dxc4 7. Nxc4 b5 8. Ne5
Bb7 9. Qd3 Nbd7 10. Nxd7 Qxd7 11. e3 c5 12. dxc5 Bxc5 13. Qxd7+ Nxd7 14. Rd1
Rc8 15. Be2 Bb4 16. O-O Bxc3 17. bxc3 Rxc3 18. Bd6 Nf6 19. a4 bxa4 20. Rb1 Rb3
21. Bc4 Rxb1 22. Rxb1 Kd7 23. Be5 Bd5 24. Bxd5 exd5 25. Rb7+ Ke6 26. Bd4 Rc8
27. f3 Nd7 28. Rb2 f6 29. f4 Rc4 30. g4 a3 31. Ra2 Ra4 32. Kf1 Kd6 33. h4 Nc5
34. h5 Ne4 35. Ke1 Kc6 36. h6 gxh6 37. Rh2 Kb5 38. Kd1 Rxd4+ 39. exd4 a2 40.
Rb2+ Kc4 41. Rc2+ Nc3+ 0-1

[Event "35. Rilton Cup 2005/2006"]
[Site "Stockholm"]
[Date "2006.01.05"]
[Round "9.4"]
[White "Johannessen, Leif Erlend"]
[Black "Nouro, Mikael"]
[Result "1/2-1/2"]
[WhiteElo "2564"]
[BlackElo "2349"]
[PlyCount "96"]
[EventDate "2005.12.27"]
[EventType "swiss"]
[EventRounds "9"]
[EventCountry "SWE"]
[Source "lmi"]
[SourceDate "2006.01.06"]

1. d4 Nf6 2. c4 d6 3. Nc3 g6 4. e4 Bg7 5. Bd3 O-O 6. Nge2 e5 7. d5 a5 8. O-O
Na6 9. h3 c6 10. Be3 Bd7 11. Ng3 Rb8 12. a3 h5 13. Bg5 Qe8 14. Qd2 Nh7 15. Be3
f5 16. f4 g5 17. Nxf5 Bxf5 18. exf5 exf4 19. Bf2 Be5 20. Rae1 Nc5 21. Bc2 Qe7
22. b4 axb4 23. axb4 Nd7 24. c5 Qg7 25. Ne4 dxc5 26. dxc6 bxc6 27. Rd1 Nhf6 28.
Nxc5 Nxc5 29. Bxc5 Rfe8 30. Bb3+ Kh8 31. Rfe1 g4 32. Be6 Bc7 33. hxg4 Red8 34.
Qc3 hxg4 35. Kf1 Qh6 36. Ke2 Rxd1 37. Rxd1 Rd8 38. Rh1 f3+ 39. gxf3 gxf3+ 40.
Qxf3 Rd2+ 41. Ke1 Bg3+ 42. Kf1 Rd1+ 43. Qxd1 Qxh1+ 44. Ke2 Qh5+ 45. Kd2 Ne4+
46. Kc2 Qxd1+ 47. Kxd1 Nxc5 48. bxc5 Bf2 1/2-1/2

[Event "35. Rilton Cup 2005/2006"]
[Site "Stockholm"]
[Date "2006.01.05"]
[Round "9.5"]
[White "Berg, Emanuel"]
[Black "Velicka, Petr"]
[Result "1-0"]
[WhiteElo "2540"]
[BlackElo "2441"]
[PlyCount "68"]
[EventDate "2005.12.27"]
[EventType "swiss"]
[EventRounds "9"]
[EventCountry "SWE"]
[Source "lmi"]
[SourceDate "2006.01.06"]

1. e4 c6 2. Nf3 d5 3. exd5 cxd5 4. Ne5 Nd7 5. d4 Nxe5 6. dxe5 e6 7. Bd3 Qc7 8.
O-O Ne7 9. Nc3 Bd7 10. f4 g6 11. Be3 h5 12. Nb5 Bxb5 13. Bxb5+ Nc6 14. c4 a6
15. Bxc6+ bxc6 16. cxd5 cxd5 17. Rc1 Qd7 18. Rf2 Be7 19. Rfc2 O-O 20. Rc7 Qd8
21. Qa4 Re8 22. Rd7 Qb8 23. Rcc7 Qxb2 24. Rxe7 Rxe7 25. Rxe7 Qe2 26. Bf2 Qd2
27. h3 Kg7 28. Bh4 g5 29. Bxg5 Qe1+ 30. Kh2 h4 31. Rxf7+ Kxf7 32. Qd7+ Kg8 33.
Qxe6+ Kg7 34. Bf6+ Kg6 1-0

[Event "35. Rilton Cup 2005/2006"]
[Site "Stockholm"]
[Date "2006.01.05"]
[Round "9.9"]
[White "Brynell, Stellan"]
[Black "Bentsen, Oyvind"]
[Result "1-0"]
[WhiteElo "2496"]
[BlackElo "2146"]
[PlyCount "103"]
[EventDate "2005.12.27"]
[EventType "swiss"]
[EventRounds "9"]
[EventCountry "SWE"]
[Source "lmi"]
[SourceDate "2006.01.06"]

1. d4 Nf6 2. c4 g6 3. g3 Bg7 4. Bg2 O-O 5. Nc3 d6 6. Nf3 Nbd7 7. O-O e5 8. e4
exd4 9. Nxd4 Re8 10. h3 a6 11. b3 Rb8 12. Be3 c5 13. Nde2 b5 14. Qxd6 b4 15.
Na4 Nxe4 16. Bxe4 Rxe4 17. Rad1 Qe8 18. Nxc5 Rxe3 19. Nxd7 Rxe2 20. Nxb8 Bxh3
21. Qd8 Bxf1 22. Kxf1 Bf8 23. Qxe8 Rxe8 24. Nd7 Rc8 25. Rd5 h5 26. Ke2 Be7 27.
Kd3 Kg7 28. c5 g5 29. Kc4 a5 30. Kb5 h4 31. gxh4 gxh4 32. Re5 Bd8 33. Nb6 Rb8
34. Kxa5 Ra8+ 35. Kxb4 Rxa2 36. Re8 Bg5 37. c6 Bf4 38. Nd5 Bd6+ 39. Kb5 h3 40.
Re1 Rxf2 41. b4 Rd2 42. c7 Rxd5+ 43. Kc4 Rd2 44. Kc3 Bxc7 45. Kxd2 h2 46. Ke2
Kf6 47. Kf3 Be5 48. Kg2 Ke6 49. b5 Kd5 50. b6 Bf4 51. Rf1 Bb8 52. Rc1 1-0